The partnership principle / (Record no. 6220)

MARC details
000 -LEADER
fixed length control field 00518nam a22001817a 4500
003 - CONTROL NUMBER IDENTIFIER
control field GBCCL
005 - DATE AND TIME OF LATEST TRANSACTION
control field 20241126110558.0
008 - FIXED-LENGTH DATA ELEMENTS--GENERAL INFORMATION
fixed length control field 180503b ||||| |||| 00| 0 eng d
040 ## - CATALOGING SOURCE
Transcribing agency gbc
082 ## - DEWEY DECIMAL CLASSIFICATION NUMBER
Classification number 266.023
Item number HAS
100 ## - MAIN ENTRY--PERSONAL NAME
Personal name Hastey, Stan
9 (RLIN) 11162
245 ## - TITLE STATEMENT
Title The partnership principle /
Statement of responsibility, etc. Stan Hastey, et.al.
260 ## - PUBLICATION, DISTRIBUTION, ETC.
Place of publication, distribution, etc. Nashville:
Name of publisher, distributor, etc. Convention Press,
Date of publication, distribution, etc. 1984
300 ## - PHYSICAL DESCRIPTION
Extent 121 p.;
Other physical details ill.,
Dimensions 20 cm.
650 ## - SUBJECT ADDED ENTRY--TOPICAL TERM
Topical term or geographic name entry element Foreign Missions
9 (RLIN) 7143
650 ## - SUBJECT ADDED ENTRY--TOPICAL TERM
Topical term or geographic name entry element Southern Baptist Convention
General subdivision Missions
9 (RLIN) 11100
942 ## - ADDED ENTRY ELEMENTS (KOHA)
Source of classification or shelving scheme Dewey Decimal Classification
Koha item type Books
Holdings
Withdrawn status Lost status Source of classification or shelving scheme Damaged status Not for loan Home library Current Library Shelving location Date acquired Total checkouts Full call number Barcode Date last seen Copy number Price effective from Koha item type
    Dewey Decimal Classification     GRACE BIBLE COLLEGE GRACE BIBLE COLLEGE Ministry & Mission 2018-05-03   266.023 HAS 008440 2025-05-01 c.1 2018-05-03 Books
© Grace Bible College Library 2025